| 000 | 00353nam a2200145Ia 4500 | ||
|---|---|---|---|
| 008 | 230312s9999||||xx |||||||||||||| ||und|| | ||
| 020 | _a0-470-56652-7 | ||
| 082 |
_a355.0097 _bPOW-A |
||
| 100 | _aFreund;Robert | ||
| 245 | 0 | _aData,Models, and Decisions | |
| 260 |
_bWiley _aCanada _c2010 |
||
| 300 | _a311 | ||
| 650 |
_aComputer _vComputer |
||
| 942 | _cBK | ||
| 999 |
_c15459 _d15459 |
||